| 000 | 01039pam a2200277 a 4500 | ||
|---|---|---|---|
| 001 | 3467499 | ||
| 003 | CEME | ||
| 005 | 20210628201620.0 | ||
| 008 | 930428r19931982nyua b 001 0 eng | ||
| 010 | _a 93004556 | ||
| 020 |
_a048667620X (pbk.) : _c$12.95 |
||
| 040 |
_aDLC _cDLC _dDLC |
||
| 050 | 0 | 0 |
_aQA377 _b.F37 1993 |
| 082 | 0 | 0 |
_a515/.353 _220 |
| 100 | 1 |
_aFarlow, Stanley J., _d1937- _956018 |
|
| 245 | 1 | 0 |
_aPartial differential equations for scientists and engineers _cStanley J. Farlow. |
| 260 |
_aNew York : _bDover Publications, _c1993. |
||
| 300 |
_aix, 414 p. : _bill. ; _c24 cm. |
||
| 440 | 0 |
_aDover books on advanced mathematics _95357 |
|
| 500 | _aOriginally published: New York : Wiley, c1982. | ||
| 504 | _aIncludes bibliographical references and index. | ||
| 650 | 0 |
_aDifferential equations, Partial. _93443 |
|
| 856 | 4 | 2 |
_3Publisher description _uhttp://www.loc.gov/catdir/description/dover031/93004556.html |
| 856 | 4 | 1 |
_3Table of contents _uhttp://www.loc.gov/catdir/toc/dover031/93004556.html |
| 942 |
_2ddc _cBK |
||
| 999 |
_c566577 _d566577 |
||